000 00698nam a2200217 a 4500
001 BRCA_1816
005 20190320203549.0
008 810928s1977 mx-a---###---#000-0#spa-#
050 4 _aN6553
_b.P33 1977
245 1 0 _aEl paisaje churrigueresco de México.
260 _aMéxico
_bFomento Cultural Banamex
_c1977
300 _a1 v. (sin paginación)
_bil. (algunas a color)
_c33 cm.
500 _aIncluye notas a las ilustraciones
500 _aColección Sonia Corcuera de Mancera
650 1 4 _aArte rococó
_zMéxico
_93559
650 1 4 _aArte colonial
_zMéxico
_95656
650 1 4 _aArte churrigueresco
_95657
650 1 4 _aArquitectura
_xChurrigueresca
_95658
902 _aDSC
942 _2lcc
_cB
999 _c1597
_d1597